000
00246nam a2200109Ia 4500
008
210430s9999 xx 000 0 und d
082
_a
808.042 S5551D
245
_a
Doctoral Dissertation
260
_c
2003
300
_a
136p.
942
_c
BK
_2
ddc
999
_c
565862
_d
565862